000 00476nam a22001817a 4500
003 OSt
005 20210915151256.0
008 210915b |||||||| |||| 00| 0 eng d
020 _a0275073807
040 _cHAWASSA UNIVERSITY
050 _a370.1519/AHM
082 _a370.1519/AHM
100 _aAhmed Manzoor
_94058
245 _aEducation for Rural Development case Studies for planners
260 _bNew York London
_c1975
300 _axxxiii/661
942 _2ddc
_cBOOKS
_n0
999 _c4197
_d4197